"Virtual clinical excursions, Pacific View Regional Hospital Stuart, Principles and practice of psychiatric nursing, 9th ed." (Record no. 437365)

MARC details
000 -LEADER
fixed length control field 00742nam a2200205Ia 4500
008 - FIXED-LENGTH DATA ELEMENTS--GENERAL INFORMATION
fixed length control field 210417s9999 xx 000 0 und d
020 ## - INTERNATIONAL STANDARD BOOK NUMBER
International Standard Book Number 9780323057653
-- 323057659
082 ## - DEWEY DECIMAL CLASSIFICATION NUMBER
Classification number 618.690231 MCD
Item number 2.618.690231MCD
245 #0 - TITLE STATEMENT
Title "Virtual clinical excursions, Pacific View Regional Hospital Stuart, Principles and practice of psychiatric nursing, 9th ed."
Statement of responsibility, etc. Virtual clinical excursions Pacific View Regional Hospital Stuart Principles and practice of psychiatric nursing 9th ed
250 ## - EDITION STATEMENT
Edition statement 9th ed.
Remainder of edition statement "x, 180 p. : ill ; 28 cm. ; pbk."
260 ## - PUBLICATION, DISTRIBUTION, ETC.
Place of publication, distribution, etc. St. Louis
Name of publisher, distributor, etc. Elsevier Mosby
Date of publication, distribution, etc. 2009
700 ## - ADDED ENTRY--PERSONAL NAME
Personal name "McDonald, Susan Fertig."
Numeration by Susan Fertig McDonald

No items available.

Find us on the map